|
|
|
|
| LEADER |
00000naa2a2200000 4500 |
| 001 |
621150 |
| 005 |
20231102023909.0 |
| 035 |
|
|
|a (RuTPU)RU\TPU\conf\19717
|
| 035 |
|
|
|a RU\TPU\conf\19716
|
| 090 |
|
|
|a 621150
|
| 100 |
|
|
|a 20161205d2016 k y0rusy50 ca
|
| 101 |
0 |
|
|a rus
|
| 102 |
|
|
|a RU
|
| 105 |
|
|
|a y z 101zy
|
| 135 |
|
|
|a drcn ---uucaa
|
| 181 |
|
0 |
|a i
|
| 182 |
|
0 |
|a b
|
| 200 |
1 |
|
|a Современное состояние оборудования для неразрушающего контроля
|f Д. Е. Гусаров, Н. Е. Кузнецов
|g науч. рук. Н. В. Павлов
|
| 203 |
|
|
|a Текст
|c электронный
|
| 225 |
1 |
|
|a Современные технологии в неразрушающем контроле
|
| 230 |
|
|
|a 1 компьютерный файл (pdf; 294 Kb)
|
| 300 |
|
|
|a Заглавие с титульного экрана
|
| 320 |
|
|
|a [Библиогр.: с. 71 (2 назв.)]
|
| 461 |
|
1 |
|0 (RuTPU)RU\TPU\conf\19613
|t Ресурсоэффективные системы в управлении и контроле: взгляд в будущее
|o сборник научных трудов V Международной конференции школьников, студентов, аспирантов, молодых ученых, г. Томск. 3-8 октября 2016 г.
|o в 3 т.
|f Национальный исследовательский Томский политехнический университет (ТПУ)
|d 2016
|
| 463 |
|
1 |
|0 (RuTPU)RU\TPU\conf\19614
|t Т. 1
|v [С. 69-71]
|d 2016
|
| 610 |
1 |
|
|a труды учёных ТПУ
|
| 610 |
1 |
|
|a электронные ресурсы
|
| 610 |
1 |
|
|a сварка
|
| 610 |
1 |
|
|a дефекты
|
| 610 |
1 |
|
|a неразрушающий контроль
|
| 610 |
1 |
|
|a дефектоскопия
|
| 610 |
1 |
|
|a энергия излучения
|
| 610 |
1 |
|
|a рентгеновские аппараты
|
| 700 |
|
1 |
|a Гусаров
|b Д. Е.
|
| 701 |
|
1 |
|a Кузнецов
|b Н. Е.
|
| 702 |
|
1 |
|a Павлов
|b Н. В.
|c специалист в области сварочного производства
|c старший преподаватель Юргинского технологического института (филиала) Томского политехнического университета
|f 1986-
|g Николай Викторович
|2 stltpush
|4 727
|9 14226
|
| 712 |
0 |
2 |
|a Национальный исследовательский Томский политехнический университет (ТПУ)
|b Юргинский технологический институт (филиал) (ЮТИ)
|b Кафедра сварочного производства (КСП)
|h 355
|2 stltpush
|3 (RuTPU)RU\TPU\col\18891
|
| 801 |
|
2 |
|a RU
|b 63413507
|c 20161210
|g RCR
|
| 856 |
4 |
|
|u http://earchive.tpu.ru/handle/11683/35030
|
| 942 |
|
|
|c BK
|